000 02068nam a2200493Ii 4500
001 DIGVEDIV0083
003 NyNyDIG
008 140521t20122012sp ob 001 0 spa d
006 m o d
007 cr |||||||||||
040 _aDGITA
_beng
_erda
_epn
_cDGITA
020 _a9788499454405
_q(eBook ;
_qpdf)
020 _a8499454402
_q(eBook ;
_qpdf)
020 _a9788499454412
_q(eBook ;
_qePub)
020 _a8499454410
_q(eBook ;
_qePub)
020 _z9788499451145
020 _z8499451144
035 _a(OCoLC)854567617
050 1 4 _aBS2655.C5 eBook
100 1 _aAletti, Jean Noël,
_eauthor.
240 1 0 _aEssai sur l'écclesiologie des lettres de saint-Paul.
_lSpanish
245 1 0 _aEclesiología de las cartas de San Pablo /
_cJean-Noël Aletti ; traducción: Pedro Barrado y María del Pilar Salas.
264 1 _aEstella (Navarra), España :
_bEditorial Verbo Divino,
_c[2012]
264 4 _c©2012
300 _a1 online resource (214 pages)
336 _atext
_btxt
_2rdacontent
337 _acomputer
_bc
_2rdamedia
338 _aonline resource
_bcr
_2rdacarrier
490 1 _aEstudios bíblicos ;
_v40
504 _aIncludes bibliographical references (pages 195-207) and indexes.
588 0 _aOnline resource; title from ePub and PDF title page (Digitalia, viewed May 23, 2014)
630 0 0 _aBible.
_pEpistles of Paul
_xCriticism, interpretation, etc.
650 0 _aChurch
_xHistory of doctrines
_yEarly church, ca. 30-600.
655 0 _aElectronic books.
700 1 _aBarrado, Pedro,
_etranslator.
700 1 _aSalas, María del Pilar,
_etranslator.
791 2 _aDigitalia (Firm),
_edistributor.
793 0 _gDigitalia eBook Collection:
_aEditorial Verbo Divino.
776 0 8 _iPrint version:
_aAletti, Jean-Noël.
_tEclesiología de las cartas de San Pablo.
_dEstella (Navarra) : Editorial Verbo Divino, 2010
_z9788499451145
830 0 _aEstudios bíblicos (Estella, Spain) ;
_v40.
856 4 0 _3Digitalia Hispánica
_uhttps://www.digitaliapublishing.com/a/20618/
910 _aPremium Collection: 2013
942 _cRAA
999 _c236991
_d236991